Bezručova knihovna ÚKDŽ, nositelka Ceny Antonína Zápotockého /

Main Author: Čtvrtník, Pavel, 1947-2008
Language: Czech
Published: Praha : Ústřední kulturní dům železničářů, 1976
Physical Description: 27 stran : ilustrace ; 8°
Book
Saved in:
LEADER 01584nam a22004212i 4500
001 001588341
003 CZ BrMZK
005 20171109093105.0
007 ta
008 170802s1976 xr a er|||||||||||cze d
015 |a cnb000472506 
035 |a (OCoLC)85371090 
040 |a ABA001  |b cze  |c KLG001  |d ABA001  |d BOA001  |e rda 
043 |a e-xr---  |b e-xr-pg  |2 czenas 
045 |a w8x7 
072 7 |a 027  |x Univerzální knihovny. Veřejné knihovny. Soukromé knihovny  |2 Konspekt  |9 12 
080 |a 027.2  |2 MRF 
080 |a (437.311)  |2 MRF 
080 |a (082.2)  |2 MRF 
100 1 |a Čtvrtník, Pavel,  |d 1947-2008  |7 jk01021925  |4 aut 
245 1 0 |a Bezručova knihovna ÚKDŽ, nositelka Ceny Antonína Zápotockého /  |c zpracoval Pavel Čtvrtník 
246 1 4 |a Devadesát let Bezručovy knihovny ÚKDŽ 
264 1 |a Praha :  |b Ústřední kulturní dům železničářů,  |c 1976 
300 |a 27 stran :  |b ilustrace ;  |c 8° 
336 |a text  |b txt  |2 rdacontent 
337 |a bez média  |b n  |2 rdamedia 
338 |a svazek  |b nc  |2 rdacarrier 
500 |a 1000 výtisků 
610 2 7 |a Ústřední kulturní dům železničářů.  |b Bezručova knihovna  |7 kn20090702026  |2 czenas 
648 4 |a 1885-1975 
648 7 |a 19.-20. století  |7 ch757015  |2 czenas 
650 0 7 |a spolkové knihovny  |7 ph172930  |z Česko  |y 19.-20. století  |2 czenas 
651 7 |a Praha (Česko)  |7 ge118011  |2 czenas 
655 7 |a jubilejní publikace  |7 fd131839  |2 czenas 
910 |a BOA001  |b X-0754.543 
990 |a BK 
991 |b 201707 
996 6 |b 2619194193  |c X-0754.543  |l MZK  |r Sklad / do 24 hodin  |n 0  |w 001623619  |u 000010  |a 1  |e BOA001  |j MZK50  |s P